| 000 | 01238nam0a2200301 4500 | ||
|---|---|---|---|
| 001 | RU\NLR\BIBL_A\011862291 | ||
| 005 | 20181127161417.0 | ||
| 010 |
_a978-5-6041801-5-0 _9600 |
||
| 021 |
_aRU _bКН-П-18-5701 _9КН-П-18-078802 |
||
| 035 | _a(NLR Aleph) 011862291 | ||
| 035 | _a(RuMoRGB)009778560 | ||
| 090 |
_a12160391 _c12160391 |
||
| 100 | _a20181114d2018 u y0rusy50 ca | ||
| 101 | 0 | _arus | |
| 102 | _aRU | ||
| 105 | _ay z 000ay | ||
| 200 | 1 |
_aОперация "Русская прививка" _e[повести] _fВиктор Кокосов |
|
| 210 |
_aСанкт-Петербург _cБеляевский фонд поддержки и развития литературы _d2018 |
||
| 215 |
_a191, [1] с. _d21 см |
||
| 327 | 1 | _aСодерж.: Операция "Русская прививка": повесть; "Сорок восьмой" не подвёл!: повесть о крылатом друге | |
| 686 | 2 | _aШ6(2=Р)8-446 | |
| 700 | 1 |
_aКокосов _bВ. Н. _f1963- _gВиктор Николаевич |
|
| 942 | _cBOOK | ||
| 980 | _aNBR | ||
| 980 | _aNB | ||